[Event "Winnipeg TNT March op"]
[Site "Winnipeg"]
[Date "2005.03.08"]
[Round "2"]
[White "Lipnowski, Samuel"]
[Black "Essery, Richard"]
[Result "1/2-1/2"]
[WhiteElo "2124"]
[BlackElo "1723"]
[PlyCount "136"]
[EventDate "2005.03.01"]
[EventType "swiss"]
[EventRounds "4"]
[EventCountry "CAN"]
[SourceTitle "EXT 2006"]
[Source "ChessBase"]
[SourceDate "2005.11.24"]
[SourceVersion "1"]
[SourceVersionDate "2005.11.24"]
[SourceQuality "1"]

1. e4 d5 2. exd5 Qxd5 3. Nc3 Qa5 4. d4 Nf6 5. Nf3 Bg4 6. Bc4 e6 7. Bd2 c6 8. h3 Bh5 9. g4 Bg6 10. Nd5 Qd8 11. Nxf6+ Qxf6 12. g5 Qd8 13. c3 Bd6 14. Qe2 Bh5 15. Qe3 Nd7 16. Bb3 Qc7 17. 0-0-0 0-0-0 18. Rde1 Kb8 19. Kb1 Rhe8 20. c4 c5 21. d5 Bxf3 22. Qxf3 Ne5 23. Qc3 exd5 24. cxd5 c4 25. Bc2 Qc5 26. f4 Nd7 27. Qxg7 Qxd5 28. Rd1 Qg2 29. Qd4 Nb6 30. Bc1 Re2 31. Bf5 Bc7 32. Qf6 Rxd1 33. Rxd1 a6 34. Qxf7 Na4 35. Qg8+ Ka7 36. Qxc4 Nxb2 37. Qd4+ Bb6 38. Qxb2 Rxb2+ 39. Bxb2 Qf3 40. Bc2 Qxf4 41. Bxh7 Qxg5 42. Bc2 Qh5 43. Rd3 Bc7 44. a3 a5 45. Rc3 Kb8 46. Rb3 Qh4 47. Re3 Qf2 48. Rd3 b5 49. Bc1 Qh4 50. Rf3 Bd6 51. Rb3 b4 52. Rd3 bxa3 53. Bb3 Qb4 54. Ka2 Be5 55. Bxa3 Qe1 56. Rd1 Qe2+ 57. Kb1 Qe4+ 58. Bc2 Qb7+ 59. Ka2 Qf7+ 60. Bb3 Qf2+ 61. Kb1 Qf5+ 62. Bc2 Qxh3 63. Rd3 Qf1+ 64. Bc1 Bf4 65. Rd8+ Kc7 66. Rd1 Qb5+ 67. Ka2 Qc4+ 68. Bb3 Qxc1 1/2-1/2

[Event "Winnipeg TNT March op"]
[Site "Winnipeg"]
[Date "2005.03.01"]
[Round "1"]
[White "Fastershank, Anthony"]
[Black "Essery, Richard"]
[Result "0-1"]
[WhiteElo "1203"]
[BlackElo "1723"]
[PlyCount "76"]
[EventDate "2005.03.01"]
[EventType "swiss"]
[EventRounds "4"]
[EventCountry "CAN"]
[SourceTitle "EXT 2006"]
[Source "ChessBase"]
[SourceDate "2005.11.24"]
[SourceVersion "1"]
[SourceVersionDate "2005.11.24"]
[SourceQuality "1"]

1. e4 d5 2. f3 e5 3. b3 dxe4 4. fxe4 Qh4+ 5. g3 Qxe4+ 6. Ne2 Qxh1 7. d3 Bh3 8. Nd2 Bb4 9. c3 Bc5 10. Qc2 Qxh2 11. Bb2 Bxf1 12. Nxf1 Qf2+ 13. Kd2 Bb6 14. Rd1 Nc6 15. Kc1 0-0-0 16. Qd2 Nf6 17. Ba3 Ng4 18. Qc2 Ne3 19. Nxe3 Qxe3+ 20. Kb1 Rd7 21. Bc1 Qf3 22. b4 a6 23. a4 Rhd8 24. a5 Ba7 25. Ng1 Qxg3 26. Ne2 Qh3 27. c4 Nxb4 28. Qc3 Rxd3 29. Rxd3 Rxd3 30. Qxb4 Rb3+ 31. Qxb3 Qxb3+ 32. Bb2 Bc5 33. Nc1 Qxc4 34. Bxe5 Qe4+ 35. Ka1 Qxe5+ 36. Kb1 Qh2 37. Na2 Ba3 38. Ka1 Qb2# 0-1

[Event "Winnipeg TNT Febr op"]
[Site "Winnipeg"]
[Date "2005.02.15"]
[Round "3"]
[White "Lindsay, Richard Vicent"]
[Black "Essery, Richard"]
[Result "1-0"]
[WhiteElo "1732"]
[BlackElo "1760"]
[PlyCount "65"]
[EventDate "2005.02.01"]
[EventType "swiss"]
[EventRounds "4"]
[EventCountry "CAN"]
[SourceTitle "EXT 2006"]
[Source "ChessBase"]
[SourceDate "2005.11.24"]
[SourceVersion "1"]
[SourceVersionDate "2005.11.24"]
[SourceQuality "1"]

1. Nf3 b6 2. g3 Bb7 3. Bg2 e5 4. 0-0 d6 5. d3 Nf6 6. c4 Be7 7. Nc3 0-0 8. Bg5 Nbd7 9. d4 exd4 10. Qxd4 h6 11. Bf4 Re8 12. Rfe1 Nh5 13. Nd5 Bxd5 14. cxd5 Bf6 15. Qd2 Nxf4 16. gxf4 Nc5 17. Nd4 Bxd4 18. Qxd4 f5 19. f3 Qe7 20. b4 Nd7 21. Rac1 Nf6 22. e4 fxe4 23. fxe4 Qd7 24. e5 dxe5 25. fxe5 Nh7 26. d6 Rad8 27. Bc6 Qf5 28. Bxe8 cxd6 29. exd6 Ng5 30. Rc3 Ne6 31. Qe5 Qxe5 32. Rxe5 Rxe8 33. d7 1-0

[Event "Winnipeg Mike Shpan Memorial"]
[Site "Winnipeg"]
[Date "2004.11.23"]
[Round "4"]
[White "Essery, Richard"]
[Black "MacPherson, Al"]
[Result "1-0"]
[WhiteElo "1721"]
[BlackElo "1734"]
[PlyCount "45"]
[EventDate "2004.11.02"]
[EventType "swiss"]
[EventRounds "6"]
[EventCountry "CAN"]
[SourceTitle "EXT 2009"]
[Source "ChessBase"]
[SourceDate "2008.11.26"]
[SourceVersion "1"]
[SourceVersionDate "2008.11.26"]
[SourceQuality "1"]

1. e4 c5 2. d4 cxd4 3. c3 dxc3 4. Nxc3 Nc6 5. Bc4 e6 6. a3 Nf6 7. Bb3 Qc7 8. Nf3 Be7 9. 0-0 a6 10. h3 0-0 11. Be3 b5 12. Rc1 Qb7 13. e5 Ne8 14. Ne4 Nxe5 15. Nxe5 f6 16. Nc5 Bxc5 17. Bxc5 fxe5 18. Bxf8 Kxf8 19. Qh5 Nf6 20. Qxe5 d5 21. Rc7 Qb6 22. Bxd5 Nxd5 23. Qxg7+ 1-0

[Event "Winnipeg Mike Shpan Memorial"]
[Site "Winnipeg"]
[Date "2004.11.16"]
[Round "3"]
[White "Greenberg, Harley"]
[Black "Essery, Richard"]
[Result "1-0"]
[WhiteElo "1747"]
[BlackElo "1721"]
[PlyCount "61"]
[EventDate "2004.11.02"]
[EventType "swiss"]
[EventRounds "6"]
[EventCountry "CAN"]
[SourceTitle "EXT 2009"]
[Source "ChessBase"]
[SourceDate "2008.11.26"]
[SourceVersion "1"]
[SourceVersionDate "2008.11.26"]
[SourceQuality "1"]

1. d4 Nf6 2. c4 g6 3. Nc3 d5 4. Qb3 dxc4 5. Qxc4 Bg7 6. e4 b6 7. Nf3 Bb7 8. e5 Nd5 9. Be2 0-0 10. 0-0 Nxc3 11. Qxc3 e6 12. Bg5 Qd7 13. Rac1 Rc8 14. Qe3 Nc6 15. Bf6 Ne7 16. Ng5 h6 17. Ne4 Nf5 18. Qf4 Nxd4 19. Bd3 Qd5 20. f3 Nc6 21. Bxg7 Kxg7 22. Qf6+ Kg8 23. Nd6 cxd6 24. Bxg6 Rf8 25. Be4 Qd4+ 26. Kh1 Rac8 27. Qxh6 f5 28. exf6 Rxf6 29. Qh7+ Kf8 30. Qxb7 Qa4 31. Qxc8+ 1-0